000 03275nam0a22004211 4500
001 rc\79344
005 20260406123117.0
010 _a5-88769-001-1
_bВсемир. лит.
_95000
035 _a(NLR Aleph) 005349452
090 _a6780714
_c6780714
100 _a20021216d1995 |||y0rusy50 ca
101 0 _arus
102 _aRU
105 _aa |||||||||
200 1 _aСказки для умных
_fВадим Шефнер
210 _aСПб.
_cХудож. лит. Санкт-Петербург. отд-ние
_cВсемир. лит.
_d1995
215 _a588, [2] с.
_cпортр.
_d21
327 1 _aСодерж.: Скромный гений; Девушка у обрыва, или Записки Ковригина; Человек с пятью "не" или Исповедь простодушного; Запоздалый стрелок, или Крылья провинциала; Дворец на троих, или Признания холостяка; Круглая тайна; Курфюрст Курляндии; Фиалка Молчаливая; Когда я был русалкой; Дядя с большой буквы, или Великая Пауза; Записки зубовладельца; Отметатель невзгод, или Сампо ХХ века; Рай на взрывчатке
464 0 _12001#$aСкромный гений
_tСкромный гений
464 0 _12001#$aДевушка у обрыва, или Записки Ковригина
_tДевушка у обрыва, или Записки Ковригина
464 0 _12001#$aЧеловек с пятью "не" или Исповедь простодушного
_tЧеловек с пятью "не" или Исповедь простодушного
464 0 _12001#$aЗапоздалый стрелок, или Крылья провинциала
_tЗапоздалый стрелок, или Крылья провинциала
464 0 _12001#$aДворец на троих, или Признания холостяка
_tДворец на троих, или Признания холостяка
464 0 _12001#$aКруглая тайна
_tКруглая тайна
464 0 _12001#$aКурфюрст Курляндии
_tКурфюрст Курляндии
464 0 _12001#$aФиалка Молчаливая
_tФиалка Молчаливая
464 0 _12001#$aКогда я был русалкой
_tКогда я был русалкой
464 0 _12001#$aДядя с большой буквы, или Великая Пауза
_tДядя с большой буквы, или Великая Пауза
464 0 _12001#$aЗаписки зубовладельца
_tЗаписки зубовладельца
464 0 _12001#$aОтметатель невзгод, или Сампо ХХ века
_tОтметатель невзгод, или Сампо ХХ века
464 0 _12001#$aРай на взрывчатке
_tРай на взрывчатке
700 1 _8rus
_7ca
_aШефнер
_bВ.С.
_f1915-2002
_gВадим Сергеевич
_3RU\NLR\AUTH\77822
_9110862
801 0 _aRU
_bNLR
_gpsbo
801 1 _aRU
_bELAR
_2rusmarc
852 _aNLR
_j96-3/5392
942 _cBOOK
980 _aNB